000 00695nam a2200205 i 4500
001 75350
003 ES-MaACL
005 20230906172423.0
007 t|
008 040923s1971 sp ||||1| spa d
245 0 3 _aEl gran libro del vino /
_c[esta obra ha sido redactada por Pierre Andrieu.. (et al.) ; traducido y revisado por Eladio Asensio Villa].
250 _a[1ª ed.].
260 _aBarcelona, etc. :
_bBlume,
_c[1971]
300 _a478 p., 36 lám. :
_bil. ;
_c31 cm.
650 4 _aVinos-
_vHistoria.
_9160898
650 4 _aViticultura-
_vHistoria.
_9160899
700 1 _aAndrieu, Pierre.
_921672
700 1 _aAsensio Villa, Enrique.
_923590
852 _aES-MaACL
_jC-42563
_bR.80269
999 _c75350
_d75350